000 00672nam a2200169 a 4500
001 000035106
005 20200930074116.0
008 111025s1908 sp 000 0 spa d
040 _aDO-SdBNP
_bspa
_cBNPHU
082 _axxxx
_bA816d, 1908
100 1 _aAsensio Más, Ramón
_960778
245 1 4 _aLos dos rivales :
_bzarzuela dramática en un acto, dividido en cuadro cuadros, en prosa y verso /
_cRamón Asencio Más, Jancinto Capella ; música Gerónimo Giménez.
250 _a2a ed.
260 _aMadrid :
_bR. Velasco, impresor, Marqués de Santa Ana,
_c1908.
300 _a45 p. ;
_c20 cm.
500 _aEstrena en el Teatro Martín la noche del 7 de noviembre de 1908.
999 _c34597
_d34597